Представление документа в формате RUSMARC

ПолеНазваниеЗначение
  Тип записи a
  Библиографический уровень m
001 Контрольный номер LIBNET\0001476570
005 Дата корректировки 20260520153307.6
010 Индекс ISBN __
a ISBN 978-5-7590-1426-3
9 Тираж 200 экз.
d Цена 350 р.
100 Данные общей обработки __
a Данные общей обработки 20260504d2025 u u0rusy50 ca
101 Язык документа 0_
a Язык текста rus
102 Страна публикации __
a Страна публикации RU
105 Кодированные данные (монография) __
a Кодированные данные (монография) a z 000ay
200 Заглавие и сведения об ответственности 1_
a Заглавие Озябший ангел
e Сведения, относящиеся к заглавию приключенческая повесть
f Первые сведения об ответственности Валерий Николаев
g Последующие сведения об ответственности художник А. С. Бакулевский
203 Вид содержания и тип средства __
a Вид содержания Текст
a Вид содержания Изображение
b Характеристика содержания визуальные
c Тип средства непосредственные
210 Выходные данные 1_
a Место издания Йошкар-Ола
c Издательство Марийское книжное издательство
d Дата издания 2025
215 Физическое описание __
a Объем 299 с.
c Иллюстрации/тип воспроизводства ил.
d Формат 21 см
225 Серия 1_
a Серия Детская библиотека "Родина"
333 Примечание о целевом назначении __
a Примечание о целевом назначении 12+
606 Тематические рубрики 0_
a Основная рубрика Приключенческие романы и рассказы (х. л.)
610 Ключевые слова 0_
a Ключевые слова приключенческие романы и рассказы; проза русская; повести русские приключенческие
686 Индексы других классификаций __
a Классификационный индекс 84Р2-46
2 Код системы rubbk
700 Автор _1
a Фамилия Николаев
b Имя (инициалы) В. В.
g Полное личное имя Валерий Владимирович
702 Вторичная интеллектуальная ответственность _1
a Фамилия Бакулевский
b Имя (инициалы) А. С.
g Полное личное имя Александр Сергеевич
4 Код отношения 040
801 Источник записи _0
a Страна RU
b Организация НБР Марий Эл
c Дата составления 20250529
g Правила каталогизации bzbo
801 Источник записи _1
a Страна RU
b Организация НБР Марий Эл
c Дата составления 20250529
2 Код формата rusmarc
801 Источник записи _1
a Страна RU
b Организация Ульяновская ОНБ
c Дата составления 20260504
g Правила каталогизации RCR
900 Электронные ресурсы __
a Имя электронного ресурса 1626 Б0043
900 Электронные ресурсы __
a Имя электронного ресурса 1626 Б0044
901 Тип документа __
t Тип документа m
909 Создатель записи __
a Создатель записи Полковникова
b Дата создания записи 20260504
910 Корректоры записи __
a Корректор записи Седова
b Дата внесения изменения в запись 20260520